Регионална библиотека "Любен Каравелов" - Русе

Велики химици (Запис номер 186148)

MARC детайли
000 -Лидер
Контролно поле с фиксирана дължина 01677nam a2200349 c 4500
003 - Код на организацията, давaща контролен номер
Контролно поле BLK
005 - Дата и час на последна редакция
Контролно поле 20250604153246.0
008 - Елементи от данни с фиксирана дължина
fixed length control field 180411b bul|||||r ||||||| ||bul||
010 ## - Наследен системен номер
LC control number KNG00195142000
040 ## - Източник на каталожния запис
Идентификатор на билиотеката - собственик на записа BLK
041 ## - Код за език
Код за езика на текст/звукозапис или на отделно заглавие Български
Код за езика КДБФ Български
080 ## - УДК
Текстов определител УДК Химия. Кристалография. Минералогия. Вж и 577.1; 66; 612.015; 631.41
УДК код - определител по УДК 54
УДК определител (092)
УДК - код + определител 54(092)
080 ## - УДК
Текстов определител УДК Биографии
УДК код - определител по УДК 929
УДК определител (100)
УДК - код + определител 929(100)
100 ## - Редна дума - Автор
Автор Манолов, Калоян Русев
Дати, свързани с автора 1930 -
Автор - информация (биография) Химик.
R(LIN) 271918
139 ## - Редно поле
Редна дума Манолов, Калоян Русев
Авторски знак Мано - М 27
245 10 - Сведения за заглавието
Заглавие Велики химици
Подзаглавни данни Разкази в 4 т. -
Редно поле (дума) Калоян Русев Манолов.
Том Т. 2
257 ## - Страна на издаване
Страна на създаване/издаване България
260 ## - Област на издателските данни
-- София
Име на издателя, разпространителя и проч. Нар. просв.
Година на издаване 1981 -
300 ## - Физическа характеристика
Размери/Мащаб 18 см
380 ## - Жанр
Жанр Естествени науки. Математика
500 ## - Общи забележки
Забележка Авт. не е отбелязан на кор. - Рез. на рус., нем., англ. ез.
653 ## - Ключова дума – ненормативна
Ключова дума химици
653 ## - Ключова дума – ненормативна
Ключова дума биографии
653 ## - Ключова дума – ненормативна
Ключова дума свят
760 1# - Описание на основната серия
Редна дума на основното описание Манолов, Калоян Русев
Място на издаване, издател и година 1982
Страници - том 332 с. : с ил., портр.
Забележка - том Авт. не е даден на кор. - Съдържа биогр. очерци за Й. Я. Берцелиус, М. Е. Шеврьол, А. Мичерлих, Ф. Вьолер, Ю. фон Либих, Т. Грейъм, А.-Е. Девил, А. В. фон Хофман, Ст. М. Каницаро, М. Ж. Бертло.
Заглавие Т. 2
852 ## - Местоположение
Форматна сигнатура Цб І 19381
856 4# - Електронен адрес и достъп
Електронен формат pdf - файл
Път до файла /url/
856 4# - Електронен адрес и достъп
Електронен формат pdf - файл
Път до файла /url/
942 ## - АРТИКУЛИ
Вид на библиотечния материал Книги
Скрит в OPAC Не
944 ## - СЪЗДАВАНЕ И РЕДАКЦИЯ на ЗАПИСА
Създаване/Редакция Създаване
Дата на регистрацията/редакция 03.11.2016
Служител, извършил регистрацията/редакцията 30560
Статус, дата на статуса Геновева Генчева
944 ## - СЪЗДАВАНЕ И РЕДАКЦИЯ на ЗАПИСА
Създаване/Редакция Редакция
Дата на регистрацията/редакция 04.11.2016
Служител, извършил регистрацията/редакцията Наталия_Любомирова
999 ## - СИСТЕМНИ КОНТРОЛНИ НОМЕРА
Koha biblionumber 186148
Koha biblioitemnumber 186148
Наличности
Код за отписване Код за изгубен артикул Източник на класификационната схема Код за повреда Коз за рестрикции Код за отдаване Артикулен № Име на библиотеката - собственик Име на библиотеката, в която се намира в момента Статус (Текущо местоположение) Дата на вписване в системата Местоположение - отдел Цена в лева Инвентарен номер Систематично азбучна сигнатура Баркод Номер на екземпляра Цена в евро Служебна бележка Служебен тип на артикула Бележка за публиката
  Не е изгубен Universal Decimal Classification Не е повреден само за читалня ползва се в читалня 323649 Регионална библиотека "Любен Каравелов" Русе Регионална библиотека "Любен Каравелов" Русе Хранилище 1982-01-01 Хранилище 1.76 359969 Цб І 19381 120000359969 1 0.90 N: стар фонд Дата: 01.01.1982 Книги  
Изтеглен Не е изгубен Universal Decimal Classification Не е повреден без рестрикции заемане за дома 323650 Регионална библиотека "Любен Каравелов" Русе Регионална библиотека "Любен Каравелов" Русе Заемна - подръчен фонд 1982-01-01 Заемна - подръчен фонд 1.76 360850 П 54(092)/М 27 360850 2 0.90 N: стар фонд Дата: 01.01.1982 Дата инв: 02.02.2018 Бележки инв: П2018 Книги  
Изтеглен Не е изгубен   Не е повреден без рестрикции заемане за дома 323651 Регионална библиотека "Любен Каравелов" Русе Регионална библиотека "Любен Каравелов" Русе   1982-01-01 Заемна - подръчен фонд 1.76 360853 П 54(092)/М 27 360853 3 0.90 N: стар фонд Дата: 01.01.1982 Книги Отч.N: 6/2018 , Дата: 22.01.2018
Vip Innovations Ltd, Rousse, Bulgaria 2025